| 000 | 00419nam a2200157Ia 4500 | ||
|---|---|---|---|
| 008 | 230312s9999||||xx |||||||||||||| ||und|| | ||
| 020 | _a81-203-0651-6 | ||
| 082 |
_a621.3815 _bFLE-E |
||
| 100 | _aFletcher;William.I | ||
| 245 | 0 | _aEngineering Approach to Digital Design | |
| 260 |
_bPHI _aIndia _c2012 |
||
| 300 | _a766 | ||
| 546 | _aEng. | ||
| 650 |
_aEngineering _vEngineering Approach to Digital Design |
||
| 942 | _cBK | ||
| 999 |
_c7579 _d7579 |
||